书目信息 |
| 题名: |
全国企业法律顾问执业资格考试应试辅导及考点预测
|
|
| 作者: | 翟继光 主编 ;册税务师执业资格考试辅导丛书编委会遍 注 | |
| 分册: | 税务代理实务 | |
| 出版信息: | 上海 立信会计出版社 2011.03 |
|
| 页数: | 302页 | |
| 开本: | 26cm | |
| 丛书名: | “临门一脚”考试系列辅导丛书 | |
| 单 册: | ||
| 中图分类: | F812.42 | |
| 科图分类: | ||
| 主题词: | 税务管理--资格考试--资格考核--中国--自学参考资料 , 企业管理--法律顾问--资格考核--中国--自学参考资料 , 财政 | |
| 电子资源: | ||
| ISBN: | 978-7-5429-2830-6 | |
| 000 | 01291nam0 2200289 450 | |
| 001 | 160127 | |
| 005 | 20110722161644.40 | |
| 010 | @a978-7-5429-2830-6@dCNY35.00 | |
| 100 | @a20110531d2011 em y0chiy50 ea | |
| 101 | 0 | @achi |
| 102 | @aCN@b310000 | |
| 106 | @ar | |
| 200 | 1 | @a全国企业法律顾问执业资格考试应试辅导及考点预测@Aquan guo qi ye fa lv gu wen zhi ye zi ge kao shi ying shi fu dao ji kao dian yu ce@e2011@i税务代理实务@f注册税务师执业资格考试辅导丛书编委会遍@Fzhu ce shui wu shi zhi ye zi ge kao shi fu dao cong shu bian wei hui bian |
| 210 | @a上海@c立信会计出版社@d2011.03 | |
| 215 | @a302页@d26cm | |
| 225 | 1 | @a“临门一脚”考试系列辅导丛书 |
| 330 | @a本书根据全国企业法律顾问执业资格考试中企业管理知识的章节结构讲解教材的内容,对历年考试真题进行了分析总结,对最新考试大纲进行了讲解,对未来考点进行了预测。 | |
| 517 | 1 | @a税务代理实务@Ashui wu dai li shi wu |
| 586 | @a | |
| 606 | 0 | @a税务管理@x资格考试@x资格考核@y中国@j自学参考资料 |
| 606 | 0 | @a企业管理@x法律顾问@x资格考核@y中国@j自学参考资料 |
| 606 | 0 | @a财政 |
| 690 | @aF812.42@v5 | |
| 701 | 0 | @a翟继光@Azhai ji guang@4主编 |
| 711 | 02 | @a册税务师执业资格考试辅导丛书编委会遍@Ace shui wu shi zhi ye zi ge kao shi fu dao cong shu bian wei hui bian@4注 |
| 801 | 0 | @aCN@c20110610 |
| 905 | @dF812.42@eZ910@f3 | |
| 全国企业法律顾问执业资格考试应试辅导及考点预测:2011.税务代理实务/注册税务师执业资格考试辅导丛书编委会遍.-上海:立信会计出版社,2011.03 |
| 302页;26cm.-(“临门一脚”考试系列辅导丛书) |
| ISBN 978-7-5429-2830-6:CNY35.00 |
| 本书根据全国企业法律顾问执业资格考试中企业管理知识的章节结构讲解教材的内容,对历年考试真题进行了分析总结,对最新考试大纲进行了讲解,对未来考点进行了预测。 |
| ● |
| 相关链接 |
|
|
|
正题名:全国企业法律顾问执业资格考试应试辅导及考
索取号:F812.42/Z910
 
预约/预借
| 序号 | 登录号 | 条形码 | 馆藏地/架位号 | 状态 | 备注 |
| 1 | 886069 | 208860696 | 社科库409/422社科库 34排2列2层/ [索取号:F812.42/Z910] | 在馆 | |
| 2 | 886070 | 208860703 | 社科库409/409社科库 49排7列5层/ [索取号:F812.42/Z910] | 在馆 | |
| 3 | 886071 | 208860712 | 社科库409/409社科库 49排7列5层/ [索取号:F812.42/Z910] | 在馆 |